000 00954 a2200205 4500
001 54480
005 20260407155817.0
008 260407a1978 arg spa d
003 AR-UNSa-BCEJYS
040 _aAR-UNSa-BCEJYS
_bspa
_cAR-UNSa-BCEJYS
080 _a330.101.542
_xMicroeconomía
245 1 0 _aQuestões de microeconomia
264 1 _aRio de Janeiro :
_bForense-Universitária
_c1978
300 _a189 p.
_c21 cm.
505 _a1. Tópicos introdutorios á teoría de consumidor – 2. Equilibrio do consumidor – 3. Demanda e elasticidade – 4. Topicos adicionais á teoría do consumidor – 5. Funcao de producao e equilibrio da firma – 6. Produtividade, elasticidade e caminho de expansao – 7. Custos e externalidades – 8. Oferta – 9. Curva de transformacao e teoría do bem-estar.
942 _cBK
590 _aniveau_biblio:m niveau_hierar:0
100 1 _aLopes de Almeida, Fernando
700 1 _aRodrigues Pereira, Gastao Reis
999 _c5579
_d5579